000 00390nam a2200097Ia 4500
008 180130s9999 xx 000 0 und d
245 _cLasser, Gregor; Langwieser, Robert; Mecklenbrauker, Christoph F.
_aAutomatic leaking carrier canceller adjustment techniques
260 _c2016
300 _aBook title: Embedded system design--Acession number C20733; pages 98-112
650 _aSYSTEM DESIGN
999 _c354357
_d354357